Logo CIB grande

AUTHORIZED SELF-STUDY GUIDE: DESIGNING FOR CISCO INTERNETWORK SOLUTIONS (DESGN) (Registro nro. 227562)

Detalles MARC
000 -LEADER
campo de control de longitud fija 00631nam a2200253Ia 4500
005 - FECHA Y HORA DE LA ÚLTIMA TRANSACCIÓN
campo de control 20250425162344.0
008 - DATOS DE LONGITUD FIJA--INFORMACIÓN GENERAL
campo de control de longitud fija 250425s9999 xx 000 0 und d
020 ## - NÚMERO INTERNACIONAL ESTÁNDAR DEL LIBRO
Número Internacional Estándar del Libro 9781587052729
041 ## - CÓDIGO DE IDIOMA
Código de lengua del texto/banda sonora o título independiente eng
082 ## - NÚMERO DE LA CLASIFICACIÓN DECIMAL DEWEY
Número de clasificación 004.6
010 ## - NÚMERO DE CONTROL DE LA BIBLIOTECA DEL CONGRESO
Número de control de LC 65236
100 ## - ENTRADA PRINCIPAL--NOMBRE DE PERSONA
Nombre de persona TEARE, DIANE
245 #0 - MENCIÓN DEL TÍTULO
Título AUTHORIZED SELF-STUDY GUIDE: DESIGNING FOR CISCO INTERNETWORK SOLUTIONS (DESGN)
250 ## - MENCION DE EDICION
Mención de edición 2ND ED.
260 ## - PUBLICACIÓN, DISTRIBUCIÓN, ETC.
Lugar de publicación, distribución, etc. Estados Unidos
Nombre del editor, distribuidor, etc. CISCO PRESSS
Fecha de publicación, distribución, etc. 2008
260 ## - PUBLICACIÓN, DISTRIBUCIÓN, ETC.
Lugar de publicación, distribución, etc. INDIANAPOLIS
300 ## - DESCRIPCIÓN FÍSICA
Extensión 930
650 ## - PUNTO DE ACCESO ADICIONAL DE MATERIA--TÉRMINO DE MATERIA
Término de materia o nombre geográfico como elemento de entrada CCNA
650 ## - PUNTO DE ACCESO ADICIONAL DE MATERIA--TÉRMINO DE MATERIA
Término de materia o nombre geográfico como elemento de entrada CISCO
650 ## - PUNTO DE ACCESO ADICIONAL DE MATERIA--TÉRMINO DE MATERIA
Término de materia o nombre geográfico como elemento de entrada REDES ETHERNET
650 ## - PUNTO DE ACCESO ADICIONAL DE MATERIA--TÉRMINO DE MATERIA
Término de materia o nombre geográfico como elemento de entrada REDES TCP/IP
650 ## - PUNTO DE ACCESO ADICIONAL DE MATERIA--TÉRMINO DE MATERIA
Término de materia o nombre geográfico como elemento de entrada RUTEADORES
942 ## - ELEMENTOS DE ENTRADA SECUNDARIOS (KOHA)
Tipo de ítem Koha Libros
Existencias
Estatus retirado Estado de pérdida Estado de daño No para préstamo Biblioteca de origen Biblioteca actual Fecha de adquisición Coste, precio normal de compra Total de préstamos Código de barras Copia número Tipo de ítem Koha Ubicación en estantería Etiqueta RFID
        CENTRO DE INFORMACIÓN BIBLIOTECARIA CENTRO DE INFORMACIÓN BIBLIOTECARIA 03/06/2009 68.00   53446 4 Libros    
        CENTRO DE INFORMACIÓN BIBLIOTECARIA CENTRO DE INFORMACIÓN BIBLIOTECARIA 03/06/2009 68.00   53447 5 Libros   0000000000000000002004
        CENTRO DE INFORMACIÓN BIBLIOTECARIA CENTRO DE INFORMACIÓN BIBLIOTECARIA 03/06/2009 68.00   53448 6 Libros    
        CENTRO DE INFORMACIÓN BIBLIOTECARIA CENTRO DE INFORMACIÓN BIBLIOTECARIA 03/06/2009 68.00   53449 7 Libros   0000000000000000002006

Copyright 2025 ESPOL. Todos los derechos reservados.